<?xml version="1.0" encoding="UTF-8"?>
<record
    xmlns:xsi="http://www.w3.org/2001/XMLSchema-instance"
    xsi:schemaLocation="http://www.loc.gov/MARC21/slim http://www.loc.gov/standards/marcxml/schema/MARC21slim.xsd"
    xmlns="http://www.loc.gov/MARC21/slim">

  <leader>02027nam a2200337Ia 4500</leader>
  <controlfield tag="001">ebr10039180</controlfield>
  <controlfield tag="003">CaPaEBR</controlfield>
  <controlfield tag="006">m        u        </controlfield>
  <controlfield tag="007">cr cn|||||||||</controlfield>
  <controlfield tag="008">021030s2002    cou     sb    000 0 eng d</controlfield>
  <datafield tag="010" ind1=" " ind2=" ">
    <subfield code="z">  2002152915</subfield>
  </datafield>
  <datafield tag="020" ind1=" " ind2=" ">
    <subfield code="z">1888570717 (pbk. : alk. paper)</subfield>
  </datafield>
  <datafield tag="040" ind1=" " ind2=" ">
    <subfield code="a">CaPaEBR</subfield>
    <subfield code="c">CaPaEBR</subfield>
  </datafield>
  <datafield tag="035" ind1=" " ind2=" ">
    <subfield code="a">(OCoLC)53471881</subfield>
  </datafield>
  <datafield tag="050" ind1="1" ind2="4">
    <subfield code="a">BL2525</subfield>
    <subfield code="b">.R472 2002eb</subfield>
  </datafield>
  <datafield tag="082" ind1="0" ind2="4">
    <subfield code="a">291.1/72/0973</subfield>
    <subfield code="2">21</subfield>
  </datafield>
  <datafield tag="245" ind1="0" ind2="4">
    <subfield code="a">The Republic of faith</subfield>
    <subfield code="h">[electronic resource] :</subfield>
    <subfield code="b">the search for agreement amid diversity in American religion /</subfield>
    <subfield code="c">Carl Raschke and William Dean, editors.</subfield>
  </datafield>
  <datafield tag="260" ind1=" " ind2=" ">
    <subfield code="a">Aurora, Colo. :</subfield>
    <subfield code="b">Davies Group,</subfield>
    <subfield code="c">c2002.</subfield>
  </datafield>
  <datafield tag="300" ind1=" " ind2=" ">
    <subfield code="a">x, 163 p.</subfield>
  </datafield>
  <datafield tag="490" ind1="1" ind2=" ">
    <subfield code="a">Religion in American culture</subfield>
  </datafield>
  <datafield tag="504" ind1=" " ind2=" ">
    <subfield code="a">Includes bibliographical references.</subfield>
  </datafield>
  <datafield tag="505" ind1="0" ind2=" ">
    <subfield code="t">The liberal social contract and the privatization of religion/</subfield>
    <subfield code="r">Jean Bethke Elshtain--</subfield>
    <subfield code="t">Redescribing social inclusion : underrepresented ethnicities and a new American identity/</subfield>
    <subfield code="r">Lewis S. Mudge--</subfield>
    <subfield code="t">Narrative power and liberal truth in building a new consensus/</subfield>
    <subfield code="r">Eldon Eisenach--</subfield>
    <subfield code="t">American Jews and the public square : notes for an American Jewish public philosophy/</subfield>
    <subfield code="r">Alan Mittleman--</subfield>
    <subfield code="t">The significance of a contemporary Catholic debate for American public life/</subfield>
    <subfield code="r">Mary Doak--</subfield>
    <subfield code="t">The meaning of faith in public discourse/</subfield>
    <subfield code="r">John B. Cobb, Jr.--</subfield>
    <subfield code="t">Liberal, conservative, progressive dialogue/</subfield>
    <subfield code="r">John Quiring--</subfield>
    <subfield code="t">Public reason and its religious discontents/</subfield>
    <subfield code="r">William R. O'Neill--</subfield>
    <subfield code="t">Television and violence/</subfield>
    <subfield code="r">Thomas A. Idinopulos.</subfield>
  </datafield>
  <datafield tag="533" ind1=" " ind2=" ">
    <subfield code="a">Electronic reproduction.</subfield>
    <subfield code="b">Palo Alto, Calif. :</subfield>
    <subfield code="c">ebrary,</subfield>
    <subfield code="d">2009.</subfield>
    <subfield code="n">Available via World Wide Web.</subfield>
    <subfield code="n">Access may be limited to ebrary affiliated libraries.</subfield>
  </datafield>
  <datafield tag="651" ind1=" " ind2="0">
    <subfield code="a">United States</subfield>
    <subfield code="x">Religion.</subfield>
  </datafield>
  <datafield tag="655" ind1=" " ind2="7">
    <subfield code="a">Electronic books.</subfield>
    <subfield code="2">local</subfield>
  </datafield>
  <datafield tag="700" ind1="1" ind2=" ">
    <subfield code="a">Raschke, Carl A.</subfield>
  </datafield>
  <datafield tag="700" ind1="1" ind2=" ">
    <subfield code="a">Dean, William D.</subfield>
  </datafield>
  <datafield tag="710" ind1="2" ind2=" ">
    <subfield code="a">ebrary, Inc.</subfield>
  </datafield>
  <datafield tag="830" ind1=" " ind2="0">
    <subfield code="a">Religion in American culture.</subfield>
  </datafield>
  <datafield tag="856" ind1="4" ind2="0">
    <subfield code="u">http://site.ebrary.com/lib/rucke/Doc?id=10039180</subfield>
    <subfield code="z">An electronic book accessible through the World Wide Web; click to view</subfield>
  </datafield>
  <datafield tag="999" ind1=" " ind2=" ">
    <subfield code="c">57637</subfield>
    <subfield code="d">57637</subfield>
  </datafield>
</record>
